000 00682nam a2200217 a 4500
001 68714
003 BD-RjUL
005 20211209081812.0
008 170405s1975 ph a b 000 0 eng d
035 _a(BD-RjUL)68924
040 _aDLC
_cDLC
_dDLC
_dBD-RjUL
_beng
041 _aeng
082 0 0 _223
_a338.16095
_bCHA 1975
245 0 0 _aChanges in rice farming in selected areas of Asia.
260 _aLos Banos, Philippines :
_bInternational Rice Research Institute,
_c1975.
300 _a377 p. :
_bill. ;
_c23 cm.
504 _aIncludes bibliographical references.
650 0 _aRice
_zAsia.
_9203674
710 2 _aInternational Rice Research Institute.
_9139891
942 _2ddc
_cBK
999 _c68714
_d68714